| 000 -LEADER |
| fixed length control field |
00789nam a2200217Ia 4500 |
| 001 - CONTROL NUMBER |
| control field |
16024 |
| 003 - CONTROL NUMBER IDENTIFIER |
| control field |
GE_BSU |
| 008 - FIXED-LENGTH DATA ELEMENTS--GENERAL INFORMATION |
| fixed length control field |
181216s||||||||xx |||||||||||||| ||und|| |
| 040 ## - CATALOGING SOURCE |
| Transcribing agency |
GE_BSU |
| 080 ## - UNIVERSAL DECIMAL CLASSIFICATION NUMBER |
| Universal Decimal Classification number |
821.353.1-32 |
| 100 ## - MAIN ENTRY--PERSONAL NAME |
| Personal name |
ჯავახიშვილი, მ. (მიხეილ, 1880-1937) |
| 245 ## - TITLE STATEMENT |
| Title |
დამდნარი ჯაჭვი |
| 245 ## - TITLE STATEMENT |
| Remainder of title |
მოთხრობები |
| 245 ## - TITLE STATEMENT |
| Statement of responsibility, etc. |
რედ.-შემდგ.: რამაზ შიშნიაშვილი.მხ.გ.ღლონტი |
| 260 ## - PUBLICATION, DISTRIBUTION, ETC. |
| Place of publication, distribution, etc. |
თბილისი |
| 260 ## - PUBLICATION, DISTRIBUTION, ETC. |
| Name of publisher, distributor, etc. |
მერანი |
| 260 ## - PUBLICATION, DISTRIBUTION, ETC. |
| Date of publication, distribution, etc. |
1990 |
| 300 ## - PHYSICAL DESCRIPTION |
| Extent |
112 გვ. ; 20 სმ |
| 653 ## - INDEX TERM--UNCONTROLLED |
| Uncontrolled term |
დამდნარი ჯაჭვი; დამპატიჟე; მიწის ყივილი |
| 942 ## - ADDED ENTRY ELEMENTS (KOHA) |
| Koha item type |
წიგნი |